| 000 | 00607nam a2200169Ia 4500 | ||
|---|---|---|---|
| 008 | 090201s9999 xx 000 0 und d | ||
| 010 | _aKPL-27649 | ||
| 040 | _bमराठी | ||
| 041 | _aमराठी | ||
| 082 |
_a26719 _b27649 |
||
| 100 | _aविजय पांढरीपांडे | ||
| 245 |
_aआकाश माझ्या मुठीत आहे _cविजय पांढरीपांडे |
||
| 260 |
_c2004 _bनेत्रा प्रकाशन |
||
| 300 |
_a96 _bमोठा |
||
| 600 | _aआकाश माझ्या मुठीत आहे | ||
| 942 | _cBOOK | ||
| 999 |
_c225759 _d225759 |
||